000 01106cam a22002654a 4500
005 20151209090103.0
008 020315s2000 ck a b 000 0 spa c
020 _a9589663729
020 _a9589663702 (series)
040 _aFUG
_cFUG
_dDLC
_dCO-BoIAVH
041 0 _aspa
044 _ack
082 0 4 _a577.6809
_bG56p
100 1 _aGómez Hoyos, Natalia.
245 1 0 _aPáramos del Departamento del Valle del Cauca, Colombia /
_ctextos, Natalia Gómez Hoyos, William G. Vargas ; fotografía, Diego Miguel Garcés Guerrero.
246 1 0 _aThe highlands of Colombia's Cauca Valley Departament
260 _aCali, Colombia :
_bCVC, Corporación Autónoma Regional del Valle del Cauca,
_c[2000?]
300 _a60 páginas :
_bilustraciones a color ;
_c16 x 16 cm.
504 _aIncluye referencias bibliográficas (página 60).
650 6 _aPáramos
_xPlantas
_zColombia
_zValle del Cauca.
650 6 _aPáramos
_zColombia
_zValle del Cauca.
700 1 _aVargas, William G.
_q(William Gerardo)
700 1 _aGarcés Guerrero, Diego Miguel,
_d1959-
942 _2ddc
_cLIBRO
999 _c1498
_d1498